Races de chien espagnoles et portugaises - Statistiques

Statistiques générales
  • Ce quiz a été pris 5 fois
  • Le résultat moyen est 8 sur 21
Statistiques - réponses
Par images Hint Réponse % Correct
Portugal Chien d'Eau Portugais
80%
Portugal Berger Portugais
60%
Portugal Chien d'Arrêt Portugais
60%
Portugal Fila de Sao Miguel
60%
Portugal Podenco Portugais
60%
Portugal Rafeiro de l'Alentejo
60%
Espagne Chien d'Eau Espagnol
40%
Portugal Chien de Castro Laboreiro
40%
Portugal Chien de Montagne Portugais
40%
Espagne Galgo Espagnol
40%
Espagne Mâtin Espagnol
40%
Espagne Presa Canario
40%
Espagne Berger Catalan
20%
Espagne Berger de Majorque
20%
Espagne Chien Courant Espagnol
20%
Espagne Dogue de Majorque
20%
Espagne Mâtin des Pyrénées
20%
Portugal Mâtin Transmontano
20%
Espagne Podenco Canario
20%
Espagne Podenco d'Ibiza
20%
Espagne Perdiguero de Burgos
0%
Aucun quiz correspondant
Distribution des résultats
% des personnes avec chaque résultat
Percentile par nombre de réponses
Votre historique - résultats
Vous n’avez pas pris ce quiz